[Event "HUN-chT2 Toth 1112"]
[Site "Hungary"]
[Date "2012.04.22"]
[Round "9.1"]
[White "Fekete, Albert"]
[Black "Telek, Gabor"]
[Result "1/2-1/2"]
[WhiteElo "2238"]
[BlackElo "2130"]
[PlyCount "110"]
[EventDate "2011.09.25"]
[EventType "team-tourn"]
[EventRounds "11"]
[EventCountry "HUN"]
[SourceTitle "EXT 2013"]
[Source "ChessBase"]
[SourceDate "2012.11.22"]
[SourceVersion "1"]
[SourceVersionDate "2012.11.22"]
[SourceQuality "1"]
[WhiteTeam "Mezobereny"]
[BlackTeam "Abony"]
[WhiteTeamCountry "HUN"]
[BlackTeamCountry "HUN"]

1. c4 c5 2. Nc3 Nc6 3. Nf3 g6 4. g3 Bg7 5. Bg2 e5 6. d3 Nge7 7. Bd2 0-0 8. 0-0 d6 9. a3 f5 10. Qc1 Kh8 11. Rb1 a5 12. Bg5 Be6 13. Nd5 Bxd5 14. cxd5 Nd4 15. Nxd4 cxd4 16. Qd2 Qd7 17. Rfc1 Ng8 18. Qc2 Rac8 19. Qb3 Bh6 20. Bxh6 Nxh6 21. Qb6 a4 22. b3 axb3 23. Qxb3 Ng4 24. h3 Rxc1+ 25. Rxc1 Nf6 26. Qb6 Rf7 27. Rc4 Kg7 28. a4 g5 29. Kh2 h5 30. a5 Ne8 31. Qb1 Kf8 32. Qc1 Rg7 33. Bf3 g4 34. Bg2 Qd8 35. Qh6 Qg5 36. Qe6 Re7 37. h4 Rxe6 38. hxg5 Re7 39. Rc8 Kf7 40. Ra8 Kg6 41. Ra7 Rc7 42. Ra8 Re7 43. Ra7 Rg7 44. Ra8 Nc7 45. Rd8 Nb5 46. e4 f4 47. gxf4 exf4 48. e5 f3 49. e6 Kxg5 50. Bf1 h4 51. Kg1 Kf5 52. Rf8+ Kg6 53. Rd8 Kf6 54. Rf8+ Ke7 55. Rb8 Kf6 1/2-1/2

[Event "HUN-chT2 Toth 1112"]
[Site "Hungary"]
[Date "2012.03.11"]
[Round "7.1"]
[White "Levay, Sorin"]
[Black "Telek, Gabor"]
[Result "1-0"]
[WhiteElo "2282"]
[BlackElo "2130"]
[PlyCount "75"]
[EventDate "2011.09.25"]
[EventType "team-tourn"]
[EventRounds "11"]
[EventCountry "HUN"]
[SourceTitle "EXT 2013"]
[Source "ChessBase"]
[SourceDate "2012.11.22"]
[SourceVersion "1"]
[SourceVersionDate "2012.11.22"]
[SourceQuality "1"]
[WhiteTeam "Karcag"]
[BlackTeam "Abony"]
[WhiteTeamCountry "HUN"]
[BlackTeamCountry "HUN"]

1. Nf3 Nf6 2. g3 g6 3. Bg2 Bg7 4. 0-0 0-0 5. d4 d6 6. c4 Nfd7 7. Nc3 a6 8. Re1 c5 9. d5 b5 10. cxb5 axb5 11. Nxb5 Ba6 12. Nc3 Nb6 13. e4 N8d7 14. Bf4 Nc4 15. Qc2 Qa5 16. Rac1 Rfb8 17. b3 Nce5 18. Nxe5 Nxe5 19. Red1 Ra7 20. h3 Bc8 21. Be3 f5 22. f4 Nf7 23. e5 dxe5 24. Na4 exf4 25. gxf4 Nd6 26. Qxc5 Qxc5 27. Rxc5 Rab7 28. Rc6 Bd7 29. Nc5 Bxc6 30. dxc6 Rb5 31. a4 Ra5 32. b4 Ra7 33. b5 Bf6 34. Na6 Rxa6 35. bxa6 Kf7 36. a7 Rc8 37. Rxd6 exd6 38. c7 1-0

[Event "HUN-chT2 Toth 1011"]
[Site "Hungary"]
[Date "2011.04.17"]
[Round "9.1"]
[White "Chereches, Marius"]
[Black "Telek, Gabor"]
[Result "1-0"]
[WhiteElo "2268"]
[BlackElo "2167"]
[PlyCount "85"]
[EventDate "2010.09.12"]
[EventType "team-tourn"]
[EventRounds "11"]
[EventCountry "HUN"]
[SourceTitle "EXT 2012"]
[Source "ChessBase"]
[SourceDate "2011.11.24"]
[SourceVersion "1"]
[SourceVersionDate "2011.11.24"]
[SourceQuality "1"]
[WhiteTeam "Gyula"]
[BlackTeam "Abony"]
[WhiteTeamCountry "HUN"]
[BlackTeamCountry "HUN"]

1. e4 c5 2. Nf3 e6 3. d4 cxd4 4. Nxd4 Nf6 5. Nc3 d6 6. f4 a6 7. Qf3 Nc6 8. Be3 Qc7 9. 0-0-0 Nxd4 10. Bxd4 e5 11. fxe5 dxe5 12. Qg3 Bd6 13. Qxg7 Ke7 14. Qxh8 exd4 15. Rxd4 Qc5 16. e5 Qxe5 17. Nd5+ Nxd5 18. Qxe5+ Bxe5 19. Rxd5 f6 20. Rd1 Bg4 21. Re1 Kf7 22. Bd3 h6 23. Re4 Bd7 24. Rf1 Kg7 25. h3 Re8 26. b3 b5 27. c4 bxc4 28. Rxc4 Rd8 29. Kc2 a5 30. Bf5 Bb5 31. Rg4+ Kf7 32. Rd1 Rb8 33. Bd3 Be8 34. Bc4+ Kf8 35. Rg8+ Ke7 36. a4 Rc8 37. Rd5 Ra8 38. Kd3 h5 39. Ke3 h4 40. Bb5 Bc6 41. Rg7+ Kf8 42. Bxc6 Rc8 43. Rb7 1-0

[Event "HUN-chT2 Toth 1011"]
[Site "Hungary"]
[Date "2011.04.10"]
[Round "8.1"]
[White "Telek, Gabor"]
[Black "Szajbely, Zsigmond"]
[Result "0-1"]
[WhiteElo "2167"]
[BlackElo "2059"]
[PlyCount "116"]
[EventDate "2010.09.12"]
[EventType "team-tourn"]
[EventRounds "11"]
[EventCountry "HUN"]
[SourceTitle "EXT 2012"]
[Source "ChessBase"]
[SourceDate "2011.11.24"]
[SourceVersion "1"]
[SourceVersionDate "2011.11.24"]
[SourceQuality "1"]
[WhiteTeam "Abony"]
[BlackTeam "Maroczy II"]
[WhiteTeamCountry "HUN"]
[BlackTeamCountry "HUN"]

1. e4 c5 2. c3 d6 3. d4 Nf6 4. Bd3 g6 5. dxc5 dxc5 6. e5 Nfd7 7. f4 Bg7 8. Nf3 0-0 9. Be3 Qc7 10. Nbd2 Nb6 11. Qe2 Be6 12. Ng5 Bd5 13. c4 Be6 14. Nxe6 fxe6 15. Ne4 Na6 16. Ng5 Nb4 17. Nxe6 Qd7 18. Nxc5 Nxd3+ 19. Nxd3 Nxc4 20. Nc5 Qb5 21. 0-0 Rfc8 22. Rac1 Rxc5 23. Bxc5 Qxc5+ 24. Kh1 b5 25. b3 Qe3 26. Qg4 Nd2 27. Qe6+ Kf8 28. Rfe1 Qf2 29. Qd5 Rb8 30. Red1 Qxf4 31. Rxd2 Bxe5 32. g3 Qf6 33. Kg2 Kg7 34. Rf1 Qg5 35. Rf7+ Kg8 36. Rd4 Bxd4 37. Rxh7+ Kxh7 38. Qxg5 Bf6 39. Qc5 Rb6 40. h4 Kg7 41. Kf3 b4 42. g4 Kf7 43. Qd5+ Kg7 44. g5 Bc3 45. Qd7 Kf7 46. Qxa7 Rd6 47. a4 bxa3 48. Qe3 a2 49. Qxc3 Rd1 50. Qc4+ Kg7 51. h5 a1Q 52. h6+ Kh8 53. Qc8+ Kh7 54. Qc4 Rf1+ 55. Ke4 Qa8+ 56. Ke5 Qb8+ 57. Kd5 Qd6+ 58. Ke4 Rf4+ 0-1

[Event "HUN-chT2 Toth 1011"]
[Site "Hungary"]
[Date "2010.10.10"]
[Round "3.1"]
[White "Zakarias, David"]
[Black "Telek, Gabor"]
[Result "1-0"]
[WhiteElo "2231"]
[BlackElo "2167"]
[PlyCount "101"]
[EventDate "2010.09.12"]
[EventType "team-tourn"]
[EventRounds "11"]
[EventCountry "HUN"]
[SourceTitle "EXT 2012"]
[Source "ChessBase"]
[SourceDate "2011.11.24"]
[SourceVersion "1"]
[SourceVersionDate "2011.11.24"]
[SourceQuality "1"]
[WhiteTeam "Mako"]
[BlackTeam "Abony"]
[WhiteTeamCountry "HUN"]
[BlackTeamCountry "HUN"]

1. d4 Nf6 2. Nf3 g6 3. g3 Bg7 4. Bg2 0-0 5. 0-0 c6 6. c4 d5 7. cxd5 cxd5 8. Ne5 e6 9. Nc3 Nfd7 10. f4 f6 11. Nd3 Nc6 12. Be3 Nb6 13. Rc1 Re8 14. Bf2 f5 15. e3 Bf8 16. h3 Kh8 17. g4 Nc4 18. gxf5 gxf5 19. b3 Nd6 20. Qh5 Be7 21. Ne5 Nxe5 22. fxe5 Ne4 23. Bxe4 dxe4 24. Kh2 Bd7 25. Rg1 Rg8 26. Qf7 Rxg1 27. Rxg1 Qf8 28. Qh5 Rc8 29. Be1 Be8 30. Qe2 Qh6 31. Qf2 Bh5 32. Qf4 Qxf4+ 33. exf4 Bf3 34. d5 exd5 35. Nxd5 Rc2+ 36. Kg3 Bc5 37. Rf1 Bg2 38. Rf2 Bxf2+ 39. Bxf2 Bf3 40. Ne3 Rc3 41. Nxf5 Bh5+ 42. Ne3 Kg8 43. f5 a6 44. Kf4 Bf3 45. Bh4 Rc1 46. e6 Rh1 47. Ke5 Rxh3 48. Bd8 Kf8 49. f6 Bh1 50. Be7+ Ke8 51. Nf5 1-0

[Event "HUN-chT2 Toth 1011"]
[Site "Hungary"]
[Date "2010.09.12"]
[Round "1.1"]
[White "Ondok, Laszlo"]
[Black "Telek, Gabor"]
[Result "1-0"]
[WhiteElo "2246"]
[BlackElo "2167"]
[PlyCount "101"]
[EventDate "2010.09.12"]
[EventType "team-tourn"]
[EventRounds "11"]
[EventCountry "HUN"]
[SourceTitle "EXT 2012"]
[Source "ChessBase"]
[SourceDate "2011.11.24"]
[SourceVersion "1"]
[SourceVersionDate "2011.11.24"]
[SourceQuality "1"]
[WhiteTeam "Szolnok"]
[BlackTeam "Abony"]
[WhiteTeamCountry "HUN"]
[BlackTeamCountry "HUN"]

1. e4 c5 2. Nf3 Nc6 3. d4 cxd4 4. Nxd4 Nf6 5. Nc3 e5 6. Ndb5 d6 7. Nd5 Nxd5 8. exd5 Ne7 9. c3 Nf5 10. Bd3 Be7 11. a4 0-0 12. 0-0 Nh4 13. Be3 a6 14. Na3 Bg5 15. Qh5 h6 16. Bxg5 Qxg5 17. Qxg5 hxg5 18. Nc4 Bf5 19. Rfd1 Rad8 20. Nb6 Bg4 21. f3 Bh5 22. b4 g4 23. fxg4 Bxg4 24. Rf1 f5 25. Rae1 Rf6 26. c4 Rg6 27. Re3 e4 28. Bc2 Nxg2 29. Kxg2 Bf3+ 30. Kf2 Rg2+ 31. Ke1 Rxc2 32. h4 Kf7 33. Rf2 Rxf2 34. Kxf2 Kf6 35. c5 dxc5 36. bxc5 Ke5 37. Rc3 Kf4 38. Rc4 g5 39. hxg5 Rh8 40. c6 Rh2+ 41. Ke1 Ke3 42. Rc3+ Kd4 43. Rxf3 exf3 44. c7 Re2+ 45. Kf1 Rc2 46. d6 Ke3 47. c8Q Rf2+ 48. Kg1 Rg2+ 49. Kh1 Rg1+ 50. Kxg1 f2+ 51. Kf1 1-0

[Event "HUN-chT2 Toth 0910"]
[Site "Hungary"]
[Date "2010.04.18"]
[Round "10.1"]
[White "Csala, Imre"]
[Black "Telek, Gabor"]
[Result "1-0"]
[WhiteElo "2203"]
[BlackElo "2171"]
[PlyCount "71"]
[EventDate "2009.11.08"]
[EventType "team-tourn"]
[EventRounds "11"]
[EventCountry "HUN"]
[SourceTitle "EXT 2011"]
[Source "ChessBase"]
[SourceDate "2010.11.26"]
[SourceVersion "1"]
[SourceVersionDate "2010.11.26"]
[SourceQuality "1"]
[WhiteTeam "Takisz"]
[BlackTeam "Abony"]
[WhiteTeamCountry "HUN"]
[BlackTeamCountry "HUN"]

1. d4 Nf6 2. c4 g6 3. Nc3 d5 4. Nf3 Bg7 5. Bg5 Ne4 6. cxd5 Nxg5 7. Nxg5 c6 8. e3 e6 9. Nf3 cxd5 10. h4 h6 11. b4 Nc6 12. b5 Na5 13. Rc1 Bd7 14. Bd3 Rc8 15. 0-0 0-0 16. Qa4 b6 17. h5 g5 18. Qb4 g4 19. Ne5 Bxe5 20. dxe5 Qg5 21. Qd4 Nc4 22. Ne4 dxe4 23. Qxe4 f5 24. exf6 Rf7 25. Bxc4 Rxf6 26. Rfd1 Rc7 27. Rxd7 Rxd7 28. Bxe6+ Rdf7 29. Rc7 Qxh5 30. Bxf7+ Rxf7 31. Qe8+ Kg7 32. Rxa7 Qf5 33. Rxf7+ Qxf7 34. Qxf7+ Kxf7 35. Kh2 Ke6 36. Kg3 1-0

[Event "HUN-chT2 Toth 0910"]
[Site "Hungary"]
[Date "2010.03.21"]
[Round "8.1"]
[White "Berebora, Ferenc"]
[Black "Telek, Gabor"]
[Result "1-0"]
[WhiteElo "2388"]
[BlackElo "2171"]
[PlyCount "71"]
[EventDate "2009.11.08"]
[EventType "team-tourn"]
[EventRounds "11"]
[EventCountry "HUN"]
[SourceTitle "EXT 2011"]
[Source "ChessBase"]
[SourceDate "2010.11.26"]
[SourceVersion "1"]
[SourceVersionDate "2010.11.26"]
[SourceQuality "1"]
[WhiteTeam "Kisujszallas"]
[BlackTeam "Abony"]
[WhiteTeamCountry "HUN"]
[BlackTeamCountry "HUN"]

1. Nf3 Nf6 2. c4 g6 3. Nc3 d5 4. cxd5 Nxd5 5. Qa4+ Bd7 6. Qh4 Nxc3 7. dxc3 f6 8. Bh6 Bxh6 9. Qxh6 Kf7 10. e4 e5 11. Bc4+ Be6 12. Bxe6+ Kxe6 13. Rd1 Qf8 14. Qh3+ Kf7 15. 0-0 Qc8 16. Qh6 Nd7 17. Rd2 Nc5 18. Rfd1 Qg4 19. b4 Ne6 20. Rd7+ Ke8 21. Qe3 Nf4 22. g3 Ne6 23. R7d2 Rd8 24. Rxd8+ Nxd8 25. h3 Qxh3 26. Qd2 Ke7 27. Nxe5 fxe5 28. Qg5+ Ke6 29. Rxd8 Rxd8 30. Qxd8 Qh6 31. Qxc7 Qc1+ 32. Kg2 Qc2 33. Qxb7 Qxa2 34. Qxh7 Kf6 35. Qh8+ Kf7 36. Qxe5 1-0

[Event "HUN-chT2 Toth 0910"]
[Site "Hungary"]
[Date "2010.01.31"]
[Round "5.1"]
[White "Blazsik, Zoltan"]
[Black "Telek, Gabor"]
[Result "1-0"]
[WhiteElo "2032"]
[BlackElo "2171"]
[PlyCount "85"]
[EventDate "2009.11.08"]
[EventType "team-tourn"]
[EventRounds "11"]
[EventCountry "HUN"]
[SourceTitle "EXT 2011"]
[Source "ChessBase"]
[SourceDate "2010.11.26"]
[SourceVersion "1"]
[SourceVersionDate "2010.11.26"]
[SourceQuality "1"]
[WhiteTeam "Maroczy II"]
[BlackTeam "Abony"]
[WhiteTeamCountry "HUN"]
[BlackTeamCountry "HUN"]

1. d4 Nf6 2. g3 g6 3. Bg2 Bg7 4. e4 d6 5. Ne2 0-0 6. 0-0 Nbd7 7. Re1 c6 8. Nd2 Qc7 9. a4 b6 10. b4 Bb7 11. a5 bxa5 12. bxa5 Ba6 13. Nb3 Rab8 14. Bf4 h6 15. h4 c5 16. c3 e5 17. Bc1 Rfe8 18. dxc5 dxc5 19. Be3 Ng4 20. Nec1 Nxe3 21. Rxe3 c4 22. Nd2 Rb2 23. Bf1 Qd6 24. Ra2 Reb8 25. Qe1 Qc5 26. Ra4 Bb5 27. Ra1 h5 28. Na2 Bh6 29. Re2 Nf6 30. Nf3 Bc6 31. Nb4 Rxe2 32. Qxe2 Bb5 33. Rd1 Rb7 34. Bh3 Bd7 35. a6 Rc7 36. Nd5 Nxd5 37. Rxd5 Qe7 38. Bxd7 Rxd7 39. Qxc4 Rc7 40. Qb3 Bg7 41. Qb8+ Kh7 42. Ng5+ Kh6 43. Qg8 1-0

[Event "HUN-chT2 Toth 0910"]
[Site "Hungary"]
[Date "2009.12.20"]
[Round "4.1"]
[White "Telek, Gabor"]
[Black "Hajdu, Istvan"]
[Result "1-0"]
[WhiteElo "2171"]
[BlackElo "2093"]
[PlyCount "131"]
[EventDate "2009.11.08"]
[EventType "team-tourn"]
[EventRounds "11"]
[EventCountry "HUN"]
[SourceTitle "EXT 2011"]
[Source "ChessBase"]
[SourceDate "2010.11.26"]
[SourceVersion "1"]
[SourceVersionDate "2010.11.26"]
[SourceQuality "1"]
[WhiteTeam "Abony"]
[BlackTeam "Kkfhazi Honved"]
[WhiteTeamCountry "HUN"]
[BlackTeamCountry "HUN"]

1. e4 Nc6 2. d4 e5 3. dxe5 Nxe5 4. Nf3 Nxf3+ 5. Qxf3 Qf6 6. Qe3 Bb4+ 7. Nd2 d6 8. Bd3 Ne7 9. 0-0 Bc5 10. Qe2 0-0 11. Nb3 Bb6 12. c3 Ng6 13. Be3 Nf4 14. Qd2 Nxd3 15. Qxd3 Bxe3 16. Qxe3 Re8 17. Rfe1 Bd7 18. Qd4 Qe5 19. Re3 Bc6 20. Rae1 Qxd4 21. cxd4 Ba4 22. f3 Bxb3 23. Rxb3 Rab8 24. Ra3 Ra8 25. d5 Re7 26. Kf2 Kf8 27. Rc1 Ke8 28. Rc4 Kd8 29. b4 Kc8 30. Rac3 f6 31. b5 b6 32. Ra4 Kb7 33. f4 a5 34. Rh3 g6 35. Rh6 Rae8 36. Kf3 Rf7 37. Rc4 Rg8 38. Rc3 Re8 39. h4 Rfe7 40. h5 f5 41. exf5 gxf5 42. Rf6 Rg8 43. g3 a4 44. Rxf5 Ra8 45. g4 Ra5 46. Rc4 Rxb5 47. Rxa4 Re1 48. Rd4 Rb2 49. Rf7 Rf1+ 50. Ke4 Re2+ 51. Kf5 b5 52. Rxh7 Rxa2 53. Re7 Ra4 54. Ree4 Ra8 55. g5 Rf8+ 56. Ke6 Ra1 57. f5 Re8+ 58. Kf7 Rh8 59. h6 Raa8 60. Kg6 Rhg8+ 61. Kh5 Ra1 62. g6 Rf8 63. Kg5 Rf1 64. Rf4 Rg1+ 65. Rg4 Rf1 66. Rdf4 1-0

[Event "HUN-chT2 Maroczy 0809"]
[Site "Hungary"]
[Date "2009.04.05"]
[Round "10"]
[White "Telek, Gabor"]
[Black "Antal, Laszlo"]
[Result "0-1"]
[WhiteElo "2126"]
[BlackElo "2202"]
[PlyCount "92"]
[EventDate "2008.10.26"]
[EventType "team-tourn"]
[EventRounds "11"]
[EventCountry "HUN"]
[SourceTitle "EXT 2010"]
[Source "ChessBase"]
[SourceDate "2010.11.25"]
[SourceVersion "1"]
[SourceVersionDate "2010.11.25"]
[SourceQuality "1"]
[WhiteTeam "Miskolc EMSE"]
[BlackTeam "Fuzesabony"]
[WhiteTeamCountry "HUN"]
[BlackTeamCountry "HUN"]

1. e4 e5 2. f4 exf4 3. Nf3 g5 4. h4 g4 5. Ne5 Nf6 6. d4 d6 7. Nd3 Nxe4 8. Bxf4 Qe7 9. Be2 Nd7 10. Nc3 Nxc3 11. bxc3 Bg7 12. 0-0 0-0 13. Bxg4 Nf6 14. Bf3 Ne4 15. Qe2 d5 16. Rae1 f5 17. Nc5 Qxh4 18. Bxe4 fxe4 19. Bxc7 b6 20. Rxf8+ Bxf8 21. Nb3 Bg4 22. Qf1 Rc8 23. g3 Qh5 24. Be5 Bf3 25. Re3 Qh1+ 26. Kf2 Qh2+ 27. Ke1 Rxc3 28. Rxc3 Bb4 29. Nd2 Bxc3 30. Bf4 Bg4 31. Be3 Qxg3+ 32. Qf2 Qxf2+ 33. Kxf2 Bd1 34. Nb1 Ba5 35. Na3 Bb4 36. Nb5 Bxc2 37. Nxa7 Bb1 38. a4 Bc2 39. Nc8 Bxa4 40. Nxb6 Bc6 41. Bf4 Kf7 42. Nc8 Ke6 43. Kg3 Bd7 44. Nb6 Bd6 45. Kg4 Bxf4 46. Kxf4 Bc6 0-1

[Event "HUN-chT2 Maroczy 0809"]
[Site "Hungary"]
[Date "2009.03.08"]
[Round "9"]
[White "Demeter, Istvan"]
[Black "Telek, Gabor"]
[Result "1/2-1/2"]
[WhiteElo "2101"]
[BlackElo "2126"]
[PlyCount "100"]
[EventDate "2008.10.26"]
[EventType "team-tourn"]
[EventRounds "11"]
[EventCountry "HUN"]
[SourceTitle "EXT 2010"]
[Source "ChessBase"]
[SourceDate "2010.11.25"]
[SourceVersion "1"]
[SourceVersionDate "2010.11.25"]
[SourceQuality "1"]
[WhiteTeam "Matra"]
[BlackTeam "Miskolc EMSE"]
[WhiteTeamCountry "HUN"]
[BlackTeamCountry "HUN"]

1. Nf3 Nf6 2. g3 g6 3. Bg2 Bg7 4. 0-0 0-0 5. d3 d5 6. Nbd2 c6 7. c3 Bg4 8. h3 Bxf3 9. Nxf3 Nbd7 10. Qc2 h6 11. e4 e6 12. Re1 Nc5 13. Be3 Nfd7 14. Rad1 a5 15. e5 Na6 16. d4 b5 17. b3 c5 18. Bf1 b4 19. c4 cxd4 20. Bxd4 Qc7 21. Qd2 dxc4 22. Bxc4 Rfd8 23. Qe3 Qb7 24. Nh2 h5 25. Nf3 Nc7 26. Ng5 Nf8 27. Qf4 Nd5 28. Qf3 Rab8 29. h4 Nh7 30. Nxh7 Kxh7 31. Bc5 Rd7 32. Bd6 Nc3 33. Qxb7 Rbxb7 34. Rd2 Rb6 35. Rd3 Kg8 36. a3 Bf8 37. axb4 axb4 38. Ra1 Bxd6 39. Ra8+ Kg7 40. exd6 Rbxd6 41. Rxd6 Rxd6 42. Rb8 Rd2 43. Rxb4 Nd1 44. Rb7 Kf6 45. Bb5 Nxf2 46. Be8 Ng4 47. Rxf7+ Ke5 48. Rf3 Rd1+ 49. Kg2 Rd2+ 50. Kg1 Rd1+ 1/2-1/2

[Event "HUN-chT2 Maroczy 0809"]
[Site "Hungary"]
[Date "2008.11.30"]
[Round "3"]
[White "Telek, Gabor"]
[Black "Mullner, Imre"]
[Result "1-0"]
[WhiteElo "2126"]
[BlackElo "2237"]
[PlyCount "49"]
[EventDate "2008.10.26"]
[EventType "team-tourn"]
[EventRounds "11"]
[EventCountry "HUN"]
[SourceTitle "EXT 2010"]
[Source "ChessBase"]
[SourceDate "2010.11.25"]
[SourceVersion "1"]
[SourceVersionDate "2010.11.25"]
[SourceQuality "1"]
[WhiteTeam "Miskolc EMSE"]
[BlackTeam "MLTC II"]
[WhiteTeamCountry "HUN"]
[BlackTeamCountry "HUN"]

1. e4 c5 2. c3 d5 3. exd5 Qxd5 4. d4 Nf6 5. Nf3 e6 6. Be3 cxd4 7. cxd4 Nc6 8. Nc3 Qa5 9. a3 Ne4 10. Qc2 Nxc3 11. bxc3 Bd6 12. Bd3 h6 13. 0-0 0-0 14. Qd2 Qh5 15. Rab1 a6 16. a4 g5 17. h3 f5 18. d5 g4 19. dxc6 gxf3 20. cxb7 Bxb7 21. Rxb7 fxg2 22. Kxg2 Qg6+ 23. Kh1 Qh5 24. Rg1+ Kh8 25. Bf1 1-0

[Event "HUN-chT2 Maroczy 0708"]
[Site "Hungary"]
[Date "2008.03.30"]
[Round "9"]
[White "Telek, Gabor"]
[Black "Pasztorcsik, Janos"]
[Result "1-0"]
[WhiteElo "2113"]
[BlackElo "2134"]
[PlyCount "89"]
[EventDate "2007.10.14"]
[EventType "team"]
[EventRounds "11"]
[EventCountry "HUN"]
[SourceTitle "EXT 2009"]
[Source "ChessBase"]
[SourceDate "2008.11.26"]
[SourceVersion "1"]
[SourceVersionDate "2008.11.26"]
[SourceQuality "1"]
[WhiteTeam "Miskolc EMSE"]
[BlackTeam "Oroshaza"]
[WhiteTeamCountry "HUN"]
[BlackTeamCountry "HUN"]

1. e4 c5 2. d4 cxd4 3. c3 d3 4. c4 Nc6 5. Bxd3 g6 6. Nc3 Bg7 7. Nge2 d6 8. Be3 Nf6 9. h3 0-0 10. 0-0 Ne5 11. Rc1 Nxd3 12. Qxd3 Bd7 13. Rfd1 Bc6 14. b3 Qa5 15. Nd5 Bxd5 16. exd5 Nd7 17. Bd4 a6 18. Bxg7 Kxg7 19. Nd4 Nc5 20. Qe3 Rfe8 21. Rc2 b5 22. Nc6 Qa3 23. Nxe7 bxc4 24. Rxc4 Qxa2 25. Rf4 Qb2 26. b4 Nd7 27. Re4 Nf6 28. Rh4 h5 29. Rdd4 Qb1+ 30. Kh2 Ra7 31. Rd1 Qxd1 32. Qxa7 Qe2 33. Nc6 g5 34. Nd4 Qe5+ 35. f4 Qe1 36. Nf3 Qa1 37. fxg5 Ne4 38. Rxh5 Kg8 39. g6 Rf8 40. gxf7+ Rxf7 41. Qd4 Qxd4 42. Nxd4 Rb7 43. Nc6 Rb5 44. Rh6 Kf7 45. Re6 1-0

[Event "Senta op-A 11th"]
[Site "Senta"]
[Date "2007.07.26"]
[Round "8"]
[White "Zlatanovic, Zoran"]
[Black "Telek, Gabor"]
[Result "1-0"]
[WhiteElo "2254"]
[BlackElo "2106"]
[PlyCount "137"]
[EventDate "2007.07.21"]
[EventType "swiss"]
[EventRounds "9"]
[EventCountry "YUG"]
[SourceTitle "CBM 119 Extra"]
[Source "ChessBase"]
[SourceDate "2007.09.04"]
[SourceVersion "1"]
[SourceVersionDate "2007.09.04"]
[SourceQuality "1"]

1. e4 c5 2. Nf3 Nc6 3. d4 cxd4 4. Nxd4 Nf6 5. Nc3 e5 6. Ndb5 d6 7. Bg5 a6 8. Na3 b5 9. Nd5 Be7 10. Bxf6 Bxf6 11. c3 Bg5 12. Nc2 Rb8 13. a4 bxa4 14. Ncb4 Nxb4 15. Nxb4 Bd7 16. Bxa6 Qa5 17. Qxd6 Rb6 18. Qd3 0-0 19. 0-0 Rd8 20. Rfd1 Kf8 21. Qe2 Be7 22. Rd5 Bxb4 23. Rxa5 Bxa5 24. Bc4 Rd6 25. Qh5 Rf6 26. Qxe5 Ra8 27. Qd5 Bc6 28. Qc5+ Kg8 29. e5 Rg6 30. Bd5 Bb6 31. Qc4 Bxd5 32. Qxd5 Rd8 33. Qe4 h6 34. Qe2 Rg5 35. e6 Rf5 36. Rf1 Rf6 37. exf7+ Rxf7 38. g3 Kh8 39. Kg2 Rfd7 40. Qb5 Bc7 41. Re1 Rd2 42. Re8+ Rxe8 43. Qxe8+ Kh7 44. Qc6 Bd8 45. Qb5 Bf6 46. h4 g6 47. Kf3 h5 48. Ke3 Rc2 49. Qb6 Bg7 50. Kd3 Rc1 51. Qb4 Ra1 52. f3 Ra2 53. g4 hxg4 54. fxg4 a3 55. bxa3 Rh2 56. g5 Rh3+ 57. Kc2 Rh2+ 58. Kb3 Rh1 59. Ka4 Rh3 60. Kb3 Rh1 61. a4 Rb1+ 62. Kc4 Rxb4+ 63. cxb4 Be5 64. a5 Kg7 65. Kd5 Bb8 66. Kc6 Kf7 67. Kb7 Be5 68. a6 Bd4 69. a7 1-0

[Event "Senta op-A 11th"]
[Site "Senta"]
[Date "2007.07.22"]
[Round "2"]
[White "Tosic, Miroslav"]
[Black "Telek, Gabor"]
[Result "1/2-1/2"]
[WhiteElo "2437"]
[BlackElo "2106"]
[PlyCount "124"]
[EventDate "2007.07.21"]
[EventType "swiss"]
[EventRounds "9"]
[EventCountry "YUG"]
[SourceTitle "CBM 119 Extra"]
[Source "ChessBase"]
[SourceDate "2007.09.04"]
[SourceVersion "1"]
[SourceVersionDate "2007.09.04"]
[SourceQuality "1"]

1. d4 Nf6 2. c4 g6 3. g3 c6 4. Bg2 d5 5. cxd5 cxd5 6. Nc3 Bg7 7. Nf3 0-0 8. Ne5 e6 9. 0-0 Nfd7 10. f4 Qb6 11. Na4 Qb4 12. Bd2 Qd6 13. Rc1 Nc6 14. e3 f6 15. Nd3 b6 16. a3 a5 17. Be1 Ba6 18. Rf2 Rfc8 19. Rd2 Bc4 20. Nf2 b5 21. b3 Bxb3 22. Qxb3 bxa4 23. Qxa4 Nb6 24. Qb3 Nc4 25. Rdc2 Bf8 26. Rxc4 dxc4 27. Rxc4 Rab8 28. Qa2 Nd8 29. a4 Rxc4 30. Qxc4 Rb1 31. Nd3 Qa3 32. Kf2 Bb4 33. Bxb4 axb4 34. d5 Qc3 35. Qxc3 bxc3 36. dxe6 Nxe6 37. Bd5 Kf7 38. Ke2 Ke7 39. a5 Nc7 40. Ba2 Ra1 41. Bb3 Rxa5 42. Kd1 Ra1+ 43. Kc2 Rh1 44. Kxc3 Rxh2 45. g4 Rg2 46. Bd1 Nd5+ 47. Kd4 Rd2 48. Bb3 Nb4 49. Bc4 Nxd3 50. Bxd3 h5 51. gxh5 gxh5 52. Kc3 Rg2 53. Be4 Rg3 54. Kd2 h4 55. Ke2 Ke6 56. Kf2 f5 57. Bg2 Kf6 58. Bf1 Kg6 59. Bc4 Kf6 60. Bd3 Ke6 61. Bc4+ Kf6 62. Bf1 Kg6 1/2-1/2

[Event "HUN-chT2 Erkel 0607"]
[Site "Hungary"]
[Date "2007.04.29"]
[Round "9"]
[White "Telek, Gabor"]
[Black "Frank, Jozsef"]
[Result "1/2-1/2"]
[WhiteElo "2188"]
[BlackElo "2000"]
[PlyCount "79"]
[EventDate "2006.11.12"]
[EventType "team"]
[EventRounds "11"]
[EventCountry "HUN"]
[SourceTitle "EXT 2008"]
[Source "ChessBase"]
[SourceDate "2007.11.25"]
[SourceVersion "1"]
[SourceVersionDate "2007.11.25"]
[SourceQuality "1"]
[WhiteTeam "Ujszasz"]
[BlackTeam "Dunaharaszti II"]
[WhiteTeamCountry "HUN"]
[BlackTeamCountry "HUN"]

1. e4 e6 2. d4 d5 3. Nc3 dxe4 4. Nxe4 Nf6 5. Nxf6+ Qxf6 6. Nf3 h6 7. Bd3 Bd7 8. Ne5 Bd6 9. Qe2 Bxe5 10. dxe5 Qh4 11. Bd2 Bc6 12. 0-0-0 Nd7 13. f4 0-0-0 14. Be3 Kb8 15. g3 Qe7 16. Rhe1 Qb4 17. a3 Qa5 18. Rd2 Nc5 19. Red1 Nxd3+ 20. Rxd3 Rxd3 21. Qxd3 Kc8 22. c4 Qa4 23. Bc5 b6 24. Be7 Bg2 25. b4 Qe8 26. Qe2 Qc6 27. b5 Qf3 28. Qxf3 Bxf3 29. Rd3 Be2 30. Rd4 Re8 31. Bh4 Rg8 32. Kd2 Bg4 33. Be7 Re8 34. Bb4 Bf3 35. Ke3 Bg2 36. c5 Bf1 37. a4 h5 38. cxb6 axb6 39. Kf2 Bh3 40. Ke3 1/2-1/2

[Event "HUN-chT2 Erkel 0607"]
[Site "Hungary"]
[Date "2006.11.26"]
[Round "2"]
[White "Nagypal, Tamas"]
[Black "Telek, Gabor"]
[Result "1-0"]
[WhiteElo "2171"]
[BlackElo "2188"]
[PlyCount "109"]
[EventDate "2006.11.12"]
[EventType "team"]
[EventRounds "11"]
[EventCountry "HUN"]
[SourceTitle "EXT 2008"]
[Source "ChessBase"]
[SourceDate "2007.11.25"]
[SourceVersion "1"]
[SourceVersionDate "2007.11.25"]
[SourceQuality "1"]
[WhiteTeam "Keviterv"]
[BlackTeam "Ujszasz"]
[WhiteTeamCountry "HUN"]
[BlackTeamCountry "HUN"]

1. d4 Nf6 2. e3 g6 3. Nf3 Bg7 4. Be2 d5 5. 0-0 0-0 6. Ne5 c5 7. c3 Nc6 8. f4 Qb6 9. Nd2 cxd4 10. exd4 Nxe5 11. fxe5 Nd7 12. Qb3 Qxb3 13. Nxb3 f6 14. Bf3 Nb6 15. exf6 exf6 16. Bf4 Bd7 17. Bc7 Bc6 18. Bxb6 axb6 19. a3 Rfe8 20. Rae1 Bh6 21. Kf2 Kf7 22. Rxe8 Rxe8 23. Re1 Rxe1 24. Kxe1 Ke6 25. Nd2 Bf4 26. g3 Bd6 27. Be2 h5 28. Bd3 Be8 29. Kf2 g5 30. Nf3 Be7 31. h4 g4 32. Ng1 f5 33. Ne2 Bd6 34. Ke3 Bf8 35. Nf4+ Kd6 36. Bxf5 Bh6 37. a4 Ke7 38. b3 Kf6 39. Bd3 Bd7 40. c4 dxc4 41. Bxc4 Bf5 42. Bd5 Bc2 43. Kd2 Bg6 44. Bxb7 Bf7 45. b4 Kf5 46. Ke3 Be6 47. Be4+ Kf6 48. Kd3 Bxf4 49. gxf4 Bf5 50. Bxf5 Kxf5 51. Ke3 g3 52. Kf3 g2 53. Kxg2 Kxf4 54. a5 bxa5 55. bxa5 1-0